[Event "GER-ch U20"]
[Site "Schierke"]
[Date "1998.??.??"]
[Round "2"]
[White "Janz, Frerik"]
[Black "Foetsch, Daniel"]
[Result "1-0"]
[WhiteElo "2220"]
[BlackElo "2165"]
[PlyCount "41"]
[EventDate "1998.??.??"]
[EventType "tourn"]
[EventRounds "9"]
[EventCountry "GER"]
[SourceTitle "EXT 1999"]
[Source "ChessBase"]
[SourceDate "1998.11.16"]
[SourceVersion "1"]
[SourceVersionDate "1998.11.16"]
[SourceQuality "1"]

1. e4 e6 2. b3 d5 3. Bb2 dxe4 4. Nc3 Nf6 5. g4 b6 6. g5 Nd5 7. Nxe4 Bb7 8. Qg4 h6 9. Nf3 Nd7 10. 0-0-0 hxg5 11. Nexg5 N5f6 12. Qg1 Bd6 13. Nxf7 Kxf7 14. Ng5+ Ke7 15. Nxe6 Kxe6 16. Re1+ Be5 17. f4 Kf7 18. fxe5 Nxe5 19. Rxe5 Bxh1 20. Bc4+ Kf8 21. Ba3+ 1-0

[Event "Oberliga Ost B 9798"]
[Site "Germany"]
[Date "1998.??.??"]
[Round "?.2"]
[White "Rasik, Vitezslav"]
[Black "Foetsch, Daniel"]
[Result "1-0"]
[WhiteElo "2465"]
[BlackElo "2170"]
[PlyCount "87"]
[EventDate "1997.09.??"]
[EventType "team"]
[EventRounds "11"]
[EventCountry "GER"]
[SourceTitle "EXT 1999"]
[Source "ChessBase"]
[SourceDate "1998.11.16"]
[SourceVersion "1"]
[SourceVersionDate "1998.11.16"]
[SourceQuality "1"]

1. e4 e6 2. d4 d5 3. Nd2 c5 4. Ngf3 cxd4 5. exd5 Qxd5 6. Bc4 Qd6 7. 0-0 Nf6 8. Nb3 Nc6 9. Re1 Bd7 10. Nbxd4 Nxd4 11. Nxd4 a6 12. b3 0-0-0 13. Bb2 Qc7 14. Qe2 Bd6 15. Nf3 Bc6 16. Ne5 Nd5 17. Bxd5 Bxd5 18. c4 Bc6 19. c5 Bxc5 20. Nxc6 bxc6 21. Qxa6+ Qb7 22. Qxb7+ Kxb7 23. Bxg7 Rhg8 24. Bc3 Rd3 25. Rac1 Rgd8 26. Kf1 Bd4 27. Bxd4 R8xd4 28. Rc2 Rd2 29. Rec1 h5 30. Ke1 Rxc2 31. Rxc2 Kb6 32. Ke2 f5 33. Rc3 Rh4 34. h3 Kc7 35. Rc4 Rxc4 36. bxc4 Kd6 37. Kd3 Kc5 38. a3 e5 39. g3 Kb6 40. f3 Kc5 41. g4 hxg4 42. hxg4 e4+ 43. fxe4 fxg4 44. e5 1-0

[Event "Oberliga Ost B 9798"]
[Site "Germany"]
[Date "1998.??.??"]
[Round "?.3"]
[White "Vidonyak, Nellya"]
[Black "Foetsch, Daniel"]
[Result "1-0"]
[WhiteElo "2205"]
[BlackElo "2170"]
[PlyCount "47"]
[EventDate "1997.09.??"]
[EventType "team"]
[EventRounds "11"]
[EventCountry "GER"]
[SourceTitle "EXT 1999"]
[Source "ChessBase"]
[SourceDate "1998.11.16"]
[SourceVersion "1"]
[SourceVersionDate "1998.11.16"]
[SourceQuality "1"]

1. Nf3 Nf6 2. d4 c5 3. g3 b6 4. d5 Bb7 5. c4 b5 6. Bg2 e6 7. 0-0 bxc4 8. dxe6 fxe6 9. Qa4 Bc6 10. Qxc4 d5 11. Qc2 Bd6 12. Nbd2 0-0 13. Rd1 Na6 14. a3 Qc7 15. Ng5 Rae8 16. b3 h6 17. Ngf3 Bb5 18. Re1 Ng4 19. Bb2 Rf7 20. Rac1 Qb6 21. Qg6 Nf6 22. e4 Bd3 23. Bxf6 Ref8 24. Bxg7 1-0

[Event "Bundesliga 9798"]
[Site "Germany"]
[Date "1997.12.06"]
[Round "5.7"]
[White "Thiel, Thomas"]
[Black "Foetsch, Daniel"]
[Result "0-1"]
[WhiteElo "2345"]
[BlackElo "2170"]
[PlyCount "52"]
[EventDate "1997.10.18"]
[EventType "team-tourn"]
[EventRounds "15"]
[EventCountry "GER"]
[SourceTitle "GER-chT"]
[Source "ChessBase"]
[SourceDate "1999.07.01"]
[SourceVersion "1"]
[SourceVersionDate "1999.07.01"]
[SourceQuality "1"]
[WhiteTeam "Plettenberg"]
[BlackTeam "Erfurt"]
[WhiteTeamCountry "GER"]
[BlackTeamCountry "GER"]

1. e4 e6 2. d4 d5 3. Nc3 Nf6 4. Bg5 Be7 5. e5 Nfd7 6. h4 c5 7. Nb5 f6 8. exf6 Nxf6 9. Nf3 a6 10. Nc3 cxd4 11. Nxd4 Nc6 12. Qd2 e5 13. Nf3 Be6 14. 0-0-0 d4 15. Ne2 Qd5 16. b3 Ne4 17. Qe1 Bb4 18. Bd2 Nxd2 19. Nxd2 Qc5 20. Ne4 Qa5 21. c3 Qxa2 22. cxb4 Qa3+ 23. Kb1 Qxb3+ 24. Kc1 Nxb4 25. Nd6+ Kd7 26. Nxd4 exd4 0-1

[Event "DLM U20"]
[Site "Templin"]
[Date "1997.??.??"]
[Round "?"]
[White "Foetsch, Daniel"]
[Black "Heyne, Martin"]
[Result "1/2-1/2"]
[WhiteElo "2170"]
[BlackElo "2230"]
[PlyCount "33"]
[EventDate "1997.11.15"]
[EventType "team-swiss"]
[EventRounds "7"]
[EventCountry "GER"]
[SourceTitle "EXT 2002"]
[Source "ChessBase"]
[SourceDate "2001.11.25"]
[SourceVersion "1"]
[SourceVersionDate "2001.11.25"]
[SourceQuality "1"]

1. e4 e6 2. d4 d5 3. Nc3 dxe4 4. Nxe4 Nd7 5. Nf3 Ngf6 6. Nxf6+ Nxf6 7. Bd3 c5 8. dxc5 Bxc5 9. 0-0 0-0 10. Qe2 b6 11. b3 Bb7 12. Bb2 Qd5 13. Rad1 Qh5 14. Ne5 Qg5 15. Nf3 Qh5 16. Ne5 Qg5 17. Nf3 1/2-1/2